000 00588nam a2200205 i 4500
001 41912
003 ES-MaACL
005 20251005063037.0
007 t|
008 030312s1960 sp ||||1| cat d
080 _a849.9-311.2"19"
100 1 _aCasas, Joaquim,
_d1911-
_9150690
245 1 0 _aCara i creu /
_cJoaquím Casas.
260 _aBarcelona :
_bAlberti,
_c[1960]
300 _a233 p. ;
_c16 cm.
490 1 _aNova col-lecció lletres ;
_v56
830 0 _aNova col-lecció lletres ;
_v56
_9181916
852 _aES-MaACL
_jC-18146
_bR.45974
999 _c41912
_d41912